000 00994nas a2200349 4500
001 BR0501893
003 BR-BrBNA
005 20231205105305.0
007 ta
008 230509b bl.|||p| |||| 00| 00por d
040 _aBR-BrBNA
_bpor
_cBiblioteca Nacional de Agricultura
041 _a(Pt)
072 _aF01
100 1 _aOliveira, S.J.R. de
100 1 _aFeijó, S.
100 1 _aStorck, L.
100 1 _aLopes, S.J.
100 1 _aMartini, L.F.D.
100 1 _aDamo, H.P.
245 1 _aSubstituindo o uso de bordaduras laterais por repetições em experimentos com milho
650 _aMILHO HÍBRIDO
650 _aZEA MAYS
650 _aDENSIDADE DE PLANTIO
650 _aPARCELA EXPERIMENTAL
650 _aTAMANHO
650 _aGRÃO
650 _aRENDIMENTO
650 _aRIO GRANDE DO SUL
773 0 _tCiência Rural (Brazil)
_xISSN 0103-8478
_g(Jan-Feb 2005), v. 35(1) p. 10-15
_wBR0501893
909 _a202311
_bLúcia
_c55
_dLúcia Elande
942 _2AGRIS
_n0
_cANA
999 _c182195
_d182195